000 00938cam a22002655a 4500
001 014760249
003 OSt
005 20151117145525.0
008 080908s2009 enka frb f001 0 eng d
020 _a9780521712361 (pbk.)
020 _a052171236X (pbk.)
040 _aStDuBDS
_beng
_cStDuBDS
_dEG-ScBUE
082 0 4 _a303.4833091724
_222
_bICT
245 0 0 _aICT4D :
_binformation and communication technology for development /
_cgeneral editor Tim Unwin.
260 _aCambridge :
_bCambridge University Press,
_c2009.
300 _axiv, 386 p. :
_bill. ;
_c23 cm.
500 _aIndex : p. 376-386.
504 _aIncludes bibliographical references.
650 0 _aInformation technology
_zDeveloping countries.
_2BUEsh
650 0 _aCommunication in economic development
_zDeveloping countries.
_2BUEsh
_930276
651 _2BUEsh
653 _bCOMAME
_cAugust2015
_cNovember2015
700 1 _aUnwin, P. T. H.,
_eeditor.
942 _2ddc
999 _c20779
_d20751